000 01025nam a22003137a 4500
003 CHAP
005 20220329133640.0
008 971013s1986 r 00010 d
010 _a9021
011 _a9993
035 _a9230
040 _cCHAP
082 _a632.95
_bH52
100 0 0 _aHickey, Kenneth D.
_eed.
_955149
245 _aMethods for evaluating pesticides for control of plant pathogens
260 _aSt. Paul, Minnessota :
_bAmerican Phytopathological Society,
_c1986
300 _a312 p.
590 _aBATCH-UPD
_b10
_c20130109
_lUCH01
_h2321
590 _aBATCH-UPD
_b10
_c20130110
_lUCH01
_h1752
590 _aBATCH-UPD
_b10
_c20130410
_lUCH01
_h1130
590 _aBATCH-UPD
_b10
_c20130914
_lUCH01
_h1613
590 _aCONVERSION
_b10
_c20130109
_lUCH01
_h1306
650 1 4 _aNematicidas.
_980808
650 1 4 _aPesticidas
_xAnĂ¡lisis.
_987538
650 1 4 _aPesticidas
_xPruebas.
_987568
901 _aBK
942 _cLIBRO
949 _a632.95 H52
_bBC
_cLIBRO
_d33724000183232
_eLIBRO
_gI.151460
_h77920
_i9230
_si
_t413.30
999 _c9021
_d9021